Cher: Albums by Cover - Statistics

General Stats
  • This quiz has been taken 6 times
  • The average score is 17 of 26
Answer Stats
Picture Hint Answer % Correct
1998 Believe
100%
2018 Dancing Queen
100%
1965 All I Really Want to Do
75%
1987 Cher
75%
2023 Christmas
75%
2013 Closer to the Truth
75%
1974 Dark Lady
75%
1973 Half-Breed
75%
1989 Heart of Stone
75%
1995 It's a Man's World
75%
2001 Living Proof
75%
1991 Love Hurts
75%
1979 Take Me Home
75%
1969 3614 Jackson Highway
50%
1968 Backstage
50%
1973 Bittersweet White Light
50%
1966 Chér
50%
1977 Cherished
50%
1972 Foxy Lady
50%
1971 Gypsys, Tramps & Thieves
50%
1976 I'd Rather Believe in You
50%
1982 I Paralyze
50%
1979 Prisoner
50%
1975 Stars
50%
1966 The Sonny Side of Chér
50%
1967 With Love, Chér
50%
No matching quizzes found
Score Distribution
Percent of People with Each Score
Percentile by Number Answered
Your Score History
You have not taken this quiz